Juventud : (Registro nro. 3993)
[ vista simple ]
| 000 -LEADER | |
|---|---|
| fixed length control field | 01090nam a2200265Ia 4500 |
| 003 - CONTROL NUMBER IDENTIFIER | |
| control field | OSt |
| 005 - DATE AND TIME OF LATEST TRANSACTION | |
| control field | 20250521165126.0 |
| 008 - FIXED-LENGTH DATA ELEMENTS--GENERAL INFORMATION | |
| fixed length control field | 191128t2003 sp jr 000 f spa d |
| 020 ## - INTERNATIONAL STANDARD BOOK NUMBER | |
| International Standard Book Number | 846672480X |
| 040 ## - CATALOGING SOURCE | |
| Original cataloging agency | CO-JMCR |
| Transcribing agency | CO-JMCR |
| 041 ## - LANGUAGE CODE | |
| Language code of text/sound track or separate title | spa |
| 082 04 - DEWEY DECIMAL CLASSIFICATION NUMBER | |
| Classification number | J-N |
| Item number | CONj |
| 100 1# - MAIN ENTRY--PERSONAL NAME | |
| Personal name | Conrad, Joseph, |
| Dates associated with a name | 1857-1924 |
| Relator term | autor |
| 9 (RLIN) | 6589 |
| 245 10 - TITLE STATEMENT | |
| Title | Juventud : |
| Remainder of title | la línea de sombra / |
| Statement of responsibility, etc. | Joseph Conrad ; traducción Vicente Muñoz Puelles ; ilustración Enrique Flores |
| 250 ## - EDITION STATEMENT | |
| Edition statement | Primera edición |
| 260 ## - PUBLICATION, DISTRIBUTION, ETC. | |
| Place of publication, distribution, etc. | España : |
| Name of publisher, distributor, etc. | Anaya, |
| Date of publication, distribution, etc. | ©2003 |
| 300 ## - PHYSICAL DESCRIPTION | |
| Extent | 205 páginas ; |
| Dimensions | 20 cm. |
| 490 0# - SERIES STATEMENT | |
| Series statement | Tus libros selección |
| 505 ## - FORMATTED CONTENTS NOTE | |
| Formatted contents note | Juventud: un relato -- La línea de sombra: una confesión -- A la deriva (otra historia de Marlow) |
| 520 ## - SUMMARY, ETC. | |
| Summary, etc. | Joseph Conrad, un polaco nacido en Ucrania, que mereció de su tutor los epítetos de "incorregible e incurable don Quijote" tras navegar por muchos mares acabó recalando en Inglaterra. |
| 650 04 - SUBJECT ADDED ENTRY--TOPICAL TERM | |
| Topical term or geographic name entry element | Novela polaca |
| 9 (RLIN) | 6590 |
| 700 ## - ADDED ENTRY--PERSONAL NAME | |
| Personal name | Muñoz Puelles, Vicente, |
| Relator term | traductor |
| 9 (RLIN) | 1226 |
| 700 ## - ADDED ENTRY--PERSONAL NAME | |
| Personal name | Flores, Enrique, |
| Relator term | ilustrador |
| 9 (RLIN) | 5503 |
| 942 ## - ADDED ENTRY ELEMENTS (KOHA) | |
| Source of classification or shelving scheme | Dewey Decimal Classification |
| Koha item type | Books |
| Withdrawn status | Lost status | Source of classification or shelving scheme | Damaged status | Not for loan | Collection code | Home library | Current library | Date acquired | Source of acquisition | Cost, normal purchase price | Total Checkouts | Full call number | Barcode | Date last seen | Date last checked out | Copy number | Koha item type |
|---|---|---|---|---|---|---|---|---|---|---|---|---|---|---|---|---|---|
| Dewey Decimal Classification | Fiction | Biblioteca Pública José María del Castillo y Rada | Biblioteca Pública José María del Castillo y Rada | 11/28/2019 | Donación | 0.00 | 5 | J-N CONj | 201808785 | 09/16/2022 | 09/16/2022 | Ej.1 | Books |